000 00405nam a2200157Ia 4500
008 230917s9999||||xx |||||||||||||| ||und||
040 _e83536
_aMAIN
041 _aEnglish
082 _a658.15 K952F
100 _aKuchhal, S C
245 0 _aFinancial management: an analytical conceptual approach
250 _a8th ed.
260 _aAllahabad
_bChaitanya
_c1982
300 _axv, 624 p.
942 _cBK
999 _c229724
_d229724